Kollegah - Lorbeerkranz (lyrics) - Statistiken

Allgemein
  • Dieses Quiz wurde 56 mal gespielt
  • Das Durchschnittsergebnis liegt bei 303 aus 495
Antwortstatistiken
Antwort % Korrekt
Ey, ich
95%
Boss
93%
Boss:
93%
Der
93%
der
93%
Ey, der
93%
a
90%
Ich
90%
ich
90%
'n
90%
Lorbeerkranz
88%
'ne
88%
Es
86%
es
86%
in
86%
In
86%
Yeah, und
86%
Die
83%
die
83%
Dis'
83%
du,
83%
du
83%
ein
83%
ist
83%
Straßenstrich (ey)
83%
und
83%
Und
83%
wie
83%
Wie
83%
auf
81%
Auf
81%
da
81%
das
81%
Das'
81%
mal (ey)
81%
man
81%
Man
81%
man's
81%
mich
81%
Mit
81%
mit
81%
dem
79%
'ne
79%
Sie
79%
sie
79%
zu
79%
am
76%
back
76%
den
76%
hab'
76%
Ihr
76%
im
76%
ja
76%
Selbstmördern (ey)
76%
Tageslicht (tze)
76%
als
74%
aus
74%
aus,
74%
doch
74%
Doch
74%
fördern (yeah)
74%
geh'
74%
kann
74%
La
74%
machen"
74%
sind
74%
was
74%
an
71%
bei
71%
Bei
71%
er
71%
"Klar,
71%
mal
71%
sagt
71%
Scheiß (yeah),
71%
Versuchen
71%
von
71%
Von
71%
wenn
71%
Yeah, große
71%
Kanzleramtswahl
69%
Kollegah
69%
mein
69%
Mein
69%
mein'
69%
mir
69%
nicht
69%
nicht,
69%
seh'
69%
sein,
69%
Wagen
69%
wieder
69%
Aufruhr
67%
Bahnen
67%
bald
67%
Business-Class
67%
Chorgesang
67%
gelenkt
67%
hör
67%
panzerstahlhart
67%
schmeißt
67%
Versace-Modell
67%
Weltbürger (Kid)
67%
will
67%
wird's
67%
wollen
67%
zum
67%
adlige
64%
alle
64%
auch
64%
Bitches
64%
Dann
64%
dich
64%
Geld,
64%
Gold
64%
Komfortzone
64%
Maulwurf
64%
Realist
64%
verlassen
64%
Volk
64%
witziger
64%
Worte
64%
Frage
62%
Greifvogelzüchtern (ey)
62%
habt
62%
klarmachen
62%
klarmachen,
62%
lang
62%
muss
62%
René
62%
so
62%
spricht
62%
genug
60%
hier
60%
malt
60%
Morgenglanz
60%
vorgetanzt
60%
abfälligem
57%
Holztafelwand (ey)
57%
Kein
57%
komm'
57%
Kunst
57%
nein,
57%
Nice,
57%
Wortgewand
57%
Alles
55%
Blinzeln
55%
große
55%
Große
55%
kleide
55%
Verkrampft
55%
Yeah, heute
55%
Glück
52%
Keine
52%
meine
50%
Meine
50%
Signatur
50%
Tits
50%
Album (yeah)
48%
Antlitz,
48%
beim
48%
deiner
48%
des
48%
Dobermanns
48%
Dominanz
48%
gegeben
48%
Künstler
48%
Seide,
48%
Weingutbesitzern (ey)
48%
gemacht
45%
hat
45%
Hat
45%
ihren
45%
meiner
45%
Nussholzmobiliar (Kid)
45%
Sieg
45%
wack
45%
war
45%
eines
43%
Football-College-Star
40%
guck,
40%
Heizofen
40%
Hoe
40%
Jungbrunnen
40%
knistert
40%
Magritte
40%
aber
38%
Bieststatur
38%
bis
38%
guckst
38%
jeder
38%
Kindheitstraum
38%
naturgegeben
38%
probier'
38%
schon
38%
ihn
36%
Portraits
36%
trotz
36%
verwirklicht
36%
verwirklicht,
36%
Zeichnen
36%
erschlag'
33%
genussvoll
33%
Kindheitstraumata
33%
Nuttensohn,
33%
seinen
33%
Shisha-Mogul,
33%
Sonst
33%
Unsummen
33%
wortlos,
33%
dir
31%
elffacher
31%
haben
31%
hätt'
31%
Jugend
31%
Lustmolchkommentar
31%
Mann
31%
Millionär
31%
pervers
31%
Polo-Turnier
31%
verbrennen
31%
Warum
31%
Zwanzig
31%
2014
29%
allein
29%
Deutsche
29%
dreißigfach
29%
ganzen
29%
hohem
29%
Jagd
29%
jedes
29%
Pelzmantel
29%
Piranha-Aquarien
29%
Putzkolonne
29%
Ross
29%
Skandinavien
29%
sondern
29%
Traum
29%
Versager
29%
Vita,
29%
deinen
26%
erspar
26%
FREE
26%
jetzt
26%
kiloschwer,
26%
Kokosmilch
26%
Köpper
26%
Lappen
26%
Lass'
26%
'nen
26%
nutshell,
26%
Pack'
26%
Prollphase
26%
SPIRIT
26%
Antwort
24%
Aufhänger
24%
Beute
24%
chillen
24%
Deals,
24%
Denn
24%
Drip
24%
fängt
24%
finished,
24%
gebracht
24%
Goldplatten
24%
juckt
24%
oben
24%
reden,
24%
vorbei,
24%
Bootssteuer
21%
braucht
21%
dominieren
21%
durch
21%
eigenen
21%
kassieren
21%
Kohle
21%
lachend
21%
machte
21%
Millionenvillen
21%
'nem
21%
passiert
21%
Rap,
21%
seitdem
21%
Tropen
21%
Jahre
19%
Ladies'
19%
lenk'
19%
Plus
19%
Regen
19%
Visionär
19%
volksnaher
19%
hellwacher
17%
nach
17%
stets
14%
Suche
14%
Thronfolger
12%
Verzweifelt
10%
Hohenzollern
7%
da? (Tze)
5%
Keine übereinstimmenden Quizze gefunden
Verteilung der Resultate
Anzahl Personen mit jedem Resultat
Perzentil nach korrekt beantworteten Fragen
Ihre Resultats-Entwicklung
Sie haben dieses Quiz noch nicht gespielt